000 00466nam a2200157 a 4500
001 000028337
005 20200930031543.0
008 110408s1973 dr 000 0 spa d
040 _aDO-SdBNP
_bspa
_cBNPHU
100 1 _aSantana, Julio Cesar
_936086
245 1 0 _aMosaicos orientales /
_cJulio Cesar Santana.
250 _a2a ed.
260 _aSan Pedro de Macorís, República Dominicana :
_bImprenta Esfuerzo,
_c1973.
300 _a24 P. ;
_c21 cm.
049 _aBNPD
999 _c27829
_d27829